LEADER 01625nam a2200361 a 4500 001 000000131753 003 CaOOAMICUS 005 20121128145654.0 008 121128s1991 it u000 u ita r 020 $a88-420-3684-6 040 $aPUL$bita 041 1 $aita$heng 100 1 $aDahrendorf, Ralph,$d1929-2009.$0(OLS)http://pul/name/31787 240 10$aReflections on the revolution in Europe.$lItaliano.$0(OLS)http://pul/title/166463 245 10$a1989. Riflessioni sulla rivoluzione in Europa :$blettera immaginaria a un amico di Varsavia, 1990 /$cRalf Dahrendorf. 246 30$aMillenovecentottantanove 246 30$aRiflessioni sulla rivoluzione in Europa 250 $a3. ed. 260 $aRoma ; Bari :$bEditori Laterza,$c1991. 300 $a134 p. ;$c21 cm. 490 1 $aSagittari Laterza ;$v42 651 4$aEuropa$xStoria$y1989.$0(OLS)http://pul/subject/39190 830 0$aSagittari Laterza ;$v42.$0(OLS)http://pul/title/18022 850 $aPUL 852 $aPUL$W1$xDP1 Fondo E. Rossi$y115$m1 D 5$j130793$qFondi$B150992$CPULBib$Z2$F150992 $82 941 1 $a1 961 $aSul dorso collocazione ms. di E. Rossi: D 2 1 996 $6020$a88-420-3684-6$9(OLS)http://pul/number/151212 996 $6245$a1989. Riflessioni sulla rivoluzione in Europa :$blettera immaginaria a un amico di Varsavia, 1990$9(OLS)http://pul/title/166464 996 $6246$aRiflessioni sulla rivoluzione in Europa$9(OLS)http://pul/title/166466 996 $6246$aMillenovecentottantanove$9(OLS)http://pul/title/166465 996 $6260$aRoma ; Bari :$bEditori Laterza$9(OLS)http://pul/publisher/61082 LEADER 01073nam a2200253 u 4500 001 000000032787 003 CaOOAMICUS 005 20070226112306.0 008 971023s1975 gw u000 u ger u 020 $a3460037911 035 $a10773963 040 $aPUL(R)$bita 100 1 $aBrox, Norbert.$0(OLS)http://pul/name/10584 245 10$aFalsche Verfasserangaben :$bzur Erklärung der frühchristlichen Pseudepigraphie /$cNorbert Brox. 260 $aStuttgart :$bKBW Verlag,$cc1975. 300 $a132 p. ;$c21 cm 490 1 $aStuttgarter Bibelstudien ;$v79 830 0$aStuttgarter Bibelstudien ;$v79.$0(OLS)http://pul/title/15475 850 $aPUL 852 $aPUL$W1$xDP2 Religione 1$y63$m10(4) H 79$j45114$nBK-PRI$qStampati$B45114$CPULBib$Z2$F45114 $H60880 $81 941 1 $a8 996 $6020$a3460037911$9(OLS)http://pul/number/41191 996 $6245$aFalsche Verfasserangaben :$bzur Erklärung der frühchristlichen Pseudepigraphie$9(OLS)http://pul/title/45199 996 $6260$aStuttgart :$bKBW Verlag$9(OLS)http://pul/publisher/58729